[Event "Parana-ch (Women)"]
[Site "Curitiba"]
[Date "2013.01.20"]
[Round "6"]
[White "Camargo Ferreira, Daisy"]
[Black "Rocha, Juliana da Silva"]
[Result "1/2-1/2"]
[WhiteElo "1800"]
[BlackElo "1655"]
[PlyCount "25"]
[EventDate "2013.01.18"]
[EventType "swiss"]
[EventRounds "6"]
[EventCountry "BRA"]
[SourceTitle "EXT 2015"]
[Source "ChessBase"]
[SourceDate "2014.11.20"]
[SourceVersion "1"]
[SourceVersionDate "2014.11.20"]
[SourceQuality "1"]

1. c4 e6 2. Nc3 b6 3. g3 Bb7 4. Nf3 Nf6 5. Bg2 c5 6. 0-0 Be7 7. d3 h6 8. Rb1 d6 9. a3 Nbd7 10. Re1 0-0 11. Bf4 a6 12. e4 e5 13. Be3 1/2-1/2